An annotated guide to current national bibliographies
Saved in:
| Main Author: | |
|---|---|
| Format: | Book |
| Language: | English |
| Published: |
Alexandria :
Chadwyck-Healey,
1986
|
| Series: | Government documents bibliographies
|
| Subjects: | |
| Tags: |
Add Tag
No Tags, Be the first to tag this record!
|
MARC
| LEADER | 00000nam a2200000 i 4500 | ||
|---|---|---|---|
| 001 | 1/88262 | ||
| 008 | 990824s1986 eng d | ||
| 020 | |a 0-85964-123-6 | ||
| 035 | |l 10052492 | ||
| 040 | |a GR-MY-UA |b gre |e aacr | ||
| 041 | 0 | |a eng | |
| 082 | 0 | |a 016.015 | |
| 100 | 1 | |a Bell, Barbara L. |d 1941- | |
| 245 | 1 | 3 | |a An annotated guide to current national bibliographies / |c Barbara L. Bell |
| 260 | |a Alexandria : |b Chadwyck-Healey, |c 1986 | ||
| 300 | |a 407 p. | ||
| 490 | 1 | |a Government documents bibliographies | |
| 650 | 0 | 0 | |a Bibliography |x Bibliography. |
| 830 | 0 | |a Government documents bibliographies | |
| 852 | |a INST |b LESVOS |e 19990824 |h 016.015 BEL |p 005100019709 |q 005100019709 |t REF |y 23 | ||
| 901 | |a BIBL1-1999-2 | ||
| 909 | |a Λ |b 064208 | ||
| 922 | |a 1ΕΛΗ |b 199902 |c ΚΠΣ/ΚΥΒ |d LEADER | ||
| 950 | |a 023-1998-09-14 | ||
| 970 | |a ΜΟΥΣΤΑΚΑ |b ΠΗΝΕΛΟΠΗ |z 1999/08/30 | ||